000
00258nam a2200109Ia 4500
008
220216s9999 xx 000 0 und d
245
0
_a
Recycled rubber speed bump
260
_b
Rubber India
_c
2012
300
_a
74
650
_a
Rubber speed bump
942
_c
JS
999
_c
66552
_d
66552